| 000 | 00584nam a22001817a 4500 | ||
|---|---|---|---|
| 008 | 130821s gw gr ger | ||
| 040 |
_aCo-BoUCM _bspa |
||
| 041 | 0 | 0 | _ager |
| 092 | _aFN 000326 | ||
| 100 |
_aFreytag, Gustav _d1816-1895 _9149513 |
||
| 245 | 0 | 0 |
_aGoll und haben _bRoman in feds bdern _cGustav Freytag |
| 260 |
_aBerlín (Alemania) _bBerlag _c[fecha desconocida] |
||
| 300 | _a784 páginas | ||
| 500 | _aEste libro se encuentra en el depósito de la biblioteca | ||
| 650 | 0 | 4 |
_aLiteratura alemana _918601 |
| 650 | 0 | 4 |
_aNovela alemana _920461 |
| 942 |
_cLIBRO _a27 _e1 _n0 |
||
| 999 |
_c85735 _d85735 |
||